<?xml version="1.0" encoding="UTF-8"?>
<marc:record xmlns:marc="http://www.loc.gov/MARC21/slim">
   <marc:leader>00000nam a2200000 a 4500</marc:leader>
   <marc:datafield ind1="1" ind2=" " tag="100">
      <marc:subfield code="a">Misch, Rochus</marc:subfield>
      <marc:subfield code="4">aut</marc:subfield>
      <marc:subfield code="e">Verfasser/-in</marc:subfield>
   </marc:datafield>
   <marc:datafield ind1=" " ind2=" " tag="653">
      <marc:subfield code="a">Biographie</marc:subfield>
   </marc:datafield>
   <marc:datafield ind1=" " ind2=" " tag="653">
      <marc:subfield code="a">Zweiter Weltkrieg</marc:subfield>
   </marc:datafield>
   <marc:datafield ind1="0" ind2="0" tag="245">
      <marc:subfield code="a">Der letzte Zeuge</marc:subfield>
   </marc:datafield>
   <marc:datafield ind1="0" ind2="0" tag="245">
      <marc:subfield code="b">"Ich war Hitlers Telefonist, Kurier und Leibwächter"</marc:subfield>
   </marc:datafield>
   <marc:datafield ind1=" " ind2="1" tag="264">
      <marc:subfield code="b">Pendo</marc:subfield>
      <marc:subfield code="c">2008</marc:subfield>
   </marc:datafield>
   <marc:datafield ind1="1" ind2=" " tag="520">
      <marc:subfield code="a">Er war abgestellt an die Front, bis sich ihm 1940 unerwartet die Gelegenheit bietet, bei Hitler als Kurier, Leibwächter, dann auch als Telefonist zu arbeiten. In Hitlers Wohnung in München geht Rochus Misch ebenso ein und aus wie am Berghof und in der"Wolfsschanze". Im Führerbunker absolvierte er auch noch seinen Dienst, als Hitler und Eva Braun sich umgebracht haben. Denn für Misch, der Hitler nur als Privatmann erlebte, galt das Gebot unbedingter Loyalität. Um deren fatale Seite es ihm geht, wenn er heute sein Leben erzählt: Nein, ich werfe dem Rochus Misch von damals nicht vor, dass er keinen Ärger machte. Dennoch dass mir das so selbstverständlich war, das macht mich nachdenklich.</marc:subfield>
   </marc:datafield>
   <marc:datafield ind1=" " ind2=" " tag="020">
      <marc:subfield code="a">9783866121942</marc:subfield>
      <marc:subfield code="9">9783866121942</marc:subfield>
   </marc:datafield>
</marc:record>
